00000000nam 2200000zi 4500
0019.946664
003CaOODSP
00520250109101834
006m     o  d f      
007cr |n|||||||||
008250109e20241018onca    ob   f000 0 fre d
040 |aCaOODSP|bfre|erda|cCaOODSP
043 |an-cn---
0861 |aYM32-3/441-C73F-PDF
1001 |aKramski, Natacha, |eauteur.
24510|aProjet de Loi C-73 : |bLoi concernant la transparence et la responsabilité en rapport avec certains engagements du Canada dans le cadre de la Convention sur la diversité biologique / |cNatacha Kramski et Marlisa Tiedemann.
24617|aRésumé législative du projet de Loi C-73 : |bLoi concernant la transparence et la responsabilité en rapport avec certains engagements du Canada dans le cadre de la Convention sur la diversité biologique
250 |aVersion préliminaire non révisée.
264 1|aOttawa, Canada : |bBibliothèque du Parlement = Library of Parliament, |c18 octobre 2024.
264 4|c©2024
300 |a1 ressource en ligne (i, 13 pages) : |billustration
336 |atexte|btxt|2rdacontent/fre
337 |ainformatique|bc|2rdamedia/fre
338 |aressource en ligne|bcr|2rdacarrier/fre
4901 |aRésumé législatif ; |vn° 44-1-C73-F
500 |aPublié aussi en anglais sous le titre : Bill C-73: an Act respecting transparency and accountability in relation to certain commitments Canada has made under the Convention on Biological Diversity.
500 |aTitre de la couverture.
500 |a« Recherche et éducation. »
504 |aComprend des références bibliographiques (pages 10-13).
650 6|aGouvernement ouvert|xDroit|zCanada|vLégislation.
650 6|aBiodiversité|xConservation|xDroit|zCanada|vLégislation.
7101 |aCanada. |bBibliothèque du Parlement, |eorganisme de publication.
7101 |aCanada. |bService d'information et de recherche parlementaires, |eorganisme de publication.
77508|tBill C-73 : |w(CaOODSP)9.946662
830#0|aRésumé législatif (Canada. Service d'information et de recherche parlementaires)|vn° 44-1-C73-F.|w(CaOODSP)9.501179
85640|qPDF|s686 Ko|uhttps://publications.gc.ca/collections/collection_2025/bdp-lop/ls/YM32-3-441-C73-fra.pdf